Normal view MARC view

Entry Personal Name

Number of records used in: 6

001 - CONTROL NUMBER

  • control field: 879

003 - CONTROL NUMBER IDENTIFIER

  • control field: OSt

005 - DATE AND TIME OF LATEST TRANSACTION

  • control field: 20200130115856.0

008 - FIXED-LENGTH DATA ELEMENTS

  • fixed length control field: 191228|| aca||aabn | a|a d

040 ## - CATALOGING SOURCE

  • Original cataloging agency: OSt

100 ## - HEADING--PERSONAL NAME

  • Personal name: Anderson, David R
  • Dates associated with a name: 1941-
  • Fuller form of name: (David Ray),

Powered by Koha